|
|
|
|
| LEADER |
00751nab a2200229 i 4500 |
| 001 |
misc65501 |
| 005 |
20231013100258.0 |
| 008 |
230714s1972 hu o 0|| hun d |
| 040 |
|
|
|a SZTE Miscellanea Repozitórium
|b hun
|
| 041 |
|
|
|a hun
|
| 100 |
2 |
|
|a Róna-Tas András
|
| 245 |
1 |
0 |
|a Csuvas irodalom
|h [elektronikus dokumentum] /
|c Róna-Tas András
|
| 260 |
|
|
|a [Akadémiai Kiadó]
|b [Budapest]
|c 1972
|
| 300 |
|
|
|a 479-481
|c 30 cm
|
| 300 |
|
|
|a [3] p.
|c 30 cm
|
| 490 |
0 |
|
|a Világirodalmi lexikon
|
| 561 |
|
|
|a Németh Gyula hagyaték
|
| 591 |
|
|
|a NOI 5046
|
| 650 |
|
4 |
|a Bölcsészettudományok
|
| 650 |
|
4 |
|a Nyelvek és irodalom
|
| 695 |
|
|
|a Csuvas irodalom története
|
| 856 |
4 |
0 |
|u http://misc.bibl.u-szeged.hu/65501/1/5046_noa.pdf
|z Dokumentum-elérés
|